000 00570nam a2200169 a 4500
005 20111208122928.0
020 _a9789350331156
_c$ 4.99
037 _bBlueberry Books
245 _aHansel and gretel
260 _aNOIDA
_bMaple Press
_c201?
270 _aH-205, Sector-63,
_bNOIDA
_e201307
300 _aunpaged
_c15cm(Hb)
_bill.
490 _aLet's read
_vLevel-2
_936627
856 _3Table of contents
_uhttp://www.loc.gov/catdir/toc/ecip0516/2005020735.html
942 _2ddc
_cCH
_mHAN
999 _c59108
_d59108